Quiz sur le Var - Statistiques

Statistiques générales
  • Ce quiz a été pris 220 fois
    195 depuis la dernière actualisation
  • Le résultat moyen est 14 sur 20
Statistiques - réponses
Question Réponse % Correct
Région Provence-Alpes-Côte d'Azur
99%
Numéro du département 83
97%
Préfecture et plus grande ville Toulon
96%
Bouches-du-Rhône
91%
Alpes-Maritimes
90%
Vaucluse
85%
Le Var est la premier producteur mondial de cette couleur de vin. Rosé
82%
Etendue d'eau bordant le département Mer Méditerranée
81%
Commune étant passée de village de pêcheurs à lieu de villégiature de la jet set mondiale dans les années 1950. Saint-Tropez
80%
Commune ayant donné son nom à l'archipel regroupant l'île de Porquerolles et les îles d'Or. Hyères
78%
Gentilé Varois
78%
Draguignan
77%
Départements limitrophes Alpes-de-Haute-Provence
75%
Celui de la préfecture est le plus important de France, devant ceux de Brest et Cherbourg. Port militaire
58%
Résidence d'Etat située à Bormes-les-Mimosas. Fort de Brégançon
55%
Actrice mondialement connue habitant La Madrague. Brigitte Bardot
53%
Sous-préfectures Brignoles
48%
Plus grand lac artificiel du nord du département alimenté par le Verdon. Lac de Sainte-Croix
43%
Le Var est le premier producteur français de ce fruit dont une variété, celle de Solliès-Pont, est une AOC. Figue
42%
Nombre d'habitants (arrondi à la dizaine de milliers d'habitants) 1 080 000 (1 076 000)
17%
Aucun quiz correspondant
Distribution des résultats
% des personnes avec chaque résultat
Percentile par nombre de réponses
Votre historique - résultats
Vous n’avez pas pris ce quiz depuis la dernière actualisation